Αρχές ενόργανης ανάλυσης

Saved in:
Bibliographic Details
Main Author: Skoog, Douglas A.
Other Authors: Holler, F. James, Nieman, Timothy A., Καραγιάννης, Μιλτιάδης Ι. (Translator)
Format: Book
Language:Greek
Published: Αθήνα : Κωσταράκης, 2007
Subjects:
Tags: Add Tag
No Tags, Be the first to tag this record!

MARC

LEADER 00000cam a2200000 i 4500
001 1/17640
008 120208s2007 gre d
020 |a 978-960-87655-7-3 
035 |l 10111790 
040 |a GR-MY-UA  |b gre  |e aacr 
041 0 |a gre 
082 0 |a 543  |2 (22) 
100 1 |a Skoog, Douglas A. 
245 1 0 |a Αρχές ενόργανης ανάλυσης /  |c Douglas A. Skoog, F. James Holler, Timothy A. Nieman ; μεταφραστική ομάδα Μιλτιάδης Ι. Καραγιάννης ...[κ.ά.] ; επιμέλεια Στέλλα Τζουβάρα-Καραγιάννη 
260 |a Αθήνα :   |b Κωσταράκης,   |c 2007 
300 |a xvi, 1075 (ποικίλες σελιδαριμήσεις);  |b πίν., σχέδια;  |c 23 εκ. 
504 |a Περιλαμβάνει ευρετήριο 
650 0 0 |a Instrumental analysis  |x Textbooks. 
700 1 |a Holler, F. James. 
700 1 |a Nieman, Timothy A. 
700 1 |a Καραγιάννης, Μιλτιάδης Ι.  |4 trl 
852 |a INST  |b CHIOS  |e 20120208  |h 543 SKO  |p 005200033146  |q 005200033146  |t BK  |y 0 
901 |a BIBL2-2012-1 
909 |a Χ  |b 168903 
970 |a ΣΠΕΝΤΖΑ  |b ΕΛΕΝΗ  |z 2012/02/08